Brisbane Ferry Network Quiz - Statistics

General Stats
  • This quiz has been taken 40 times
    18 since last reset
  • The average score is 17 of 22
Answer Stats
Answer % Correct
Bulimba
94%
Hawthorne
88%
Milton
88%
Regatta
88%
South Bank
88%
Teneriffe
88%
West End
88%
Dockside
82%
QUT Gardens Point
82%
Riverside
82%
Guyatt Park
76%
Holman Street
76%
Maritime Museum
76%
Sydney Street
76%
Apollo Road
71%
New Farm Park
71%
UQ St. Lucia
71%
North Quay
65%
Howard Smith Wharves
59%
Northshore Hamilton
59%
Bretts Wharf
53%
Mowbray Park
53%
No matching quizzes found
Score Distribution
Percent of People with Each Score
Percentile by Number Answered
Your Score History
You have not taken this quiz since the last reset